| 000 | 00377nam a2200145 i 4500 | ||
|---|---|---|---|
| 001 | 81212 | ||
| 003 | ES-MaACL | ||
| 005 | 20230906174406.0 | ||
| 007 | t| | ||
| 008 | 041103s1971 sp ||||1| spa d | ||
| 245 | 0 | 0 | _aHomenaje a José María Hernández. |
| 260 |
_aBarcelona : _bEdisven, _c[1971] |
||
| 300 |
_a603 p. 2 lám. ; _c23 cm. |
||
| 852 |
_aES-MaACL _jC-44527 _bR.78383 |
||
| 999 |
_c81212 _d81212 |
||